000
00340nam a22001457a 4500
008
230718b ||||| |||| 00| 0 eng d
020
_a
9781337276252
041
_a
eng
080
_2
TWELFTH EDITION
_a
311
082
_a
311BRA
100
_a
25.2
101
_a
STSC
245
_a
UNDERSTANDABLE STATISTICS
_c
BRASE .H .CH
942
_2
udc
_c
BK
999
_c
60157
_d
60157